[Event "St Petersburg Rudenko Memorial (Women)"]
[Site "St Petersburg"]
[Date "2001.12.14"]
[Round "7"]
[White "Malysheva, Polina"]
[Black "Kulish, Irina"]
[Result "0-1"]
[WhiteElo "2094"]
[BlackElo "2326"]
[PlyCount "84"]
[EventDate "2001.12.08"]
[EventType "swiss"]
[EventRounds "9"]
[EventCountry "RUS"]
[SourceTitle "CBM 085 Extra"]
[Source "ChessBase"]
[SourceDate "2002.01.21"]
[SourceVersion "1"]
[SourceVersionDate "2002.01.21"]
[SourceQuality "1"]

1. e4 e5 2. d4 exd4 3. Nf3 Nc6 4. Bc4 Nf6 5. e5 d5 6. Bb5 Ne4 7. Nxd4 Bc5 8. Be3 Bd7 9. Bxc6 bxc6 10. 0-0 Qe7 11. f3 Ng5 12. f4 Ne4 13. Nd2 Nxd2 14. Qxd2 Bb6 15. Rae1 c5 16. Nf3 d4 17. Bf2 0-0 18. Bh4 Qe6 19. Ng5 Qg4 20. Qf2 Qf5 21. Qg3 c4 22. Kh1 Qg6 23. Qf3 h6 24. Ne4 Bg4 25. Qg3 Ba5 26. c3 d3 27. Nd2 Be2 28. Qh3 Bg4 29. f5 Bxh3 30. fxg6 Be6 31. gxf7+ Rxf7 32. Rxf7 Kxf7 33. Rf1+ Kg8 34. Be7 Rb8 35. Ba3 Bb6 36. b3 cxb3 37. axb3 Be3 38. Bc1 Bxd2 39. Bxd2 Rxb3 40. Kg1 Rb2 41. Be3 Re2 42. Bf4 d2 0-1

[Event "St Petersburg Rudenko Memorial (Women)"]
[Site "St Petersburg"]
[Date "2001.12.09"]
[Round "2"]
[White "Rakitskaja, Mariya"]
[Black "Kulish, Irina"]
[Result "0-1"]
[WhiteElo "2154"]
[BlackElo "2326"]
[PlyCount "94"]
[EventDate "2001.12.08"]
[EventType "swiss"]
[EventRounds "9"]
[EventCountry "RUS"]
[SourceTitle "CBM 085 Extra"]
[Source "ChessBase"]
[SourceDate "2002.01.21"]
[SourceVersion "1"]
[SourceVersionDate "2002.01.21"]
[SourceQuality "1"]

1. d4 Nf6 2. c4 e6 3. Nf3 b6 4. g3 Bb7 5. Bg2 Bb4+ 6. Bd2 Be7 7. Nc3 d5 8. cxd5 exd5 9. 0-0 0-0 10. Rc1 Na6 11. Ne5 c5 12. Bf4 Nc7 13. Qa4 Bd6 14. Rfd1 Re8 15. e4 cxd4 16. Qxd4 Qe7 17. exd5 Bxe5 18. d6 Bxd4 19. dxe7 Bxg2 20. Bxc7 Bxc3 21. Rxc3 Nd5 22. Kxg2 Nxc3 23. bxc3 Rxe7 24. Bd8 Re2 25. a4 Ra2 26. Rd4 Ra3 27. Be7 Rxc3 28. Bb4 Rc2 29. a5 b5 30. Rd7 Rc6 31. Rb7 a6 32. Bd2 h6 33. Be3 Rac8 34. Bb6 Ra8 35. Bd4 Rd6 36. Be3 Re6 37. Bb6 Re5 38. Rd7 b4 39. Rd3 Rb5 40. Rb3 Rc8 41. Kf1 Rc3 42. Rb1 b3 43. Ke2 b2 44. Kd2 Rc4 45. Be3 Rd5+ 46. Ke1 Rc2 47. h4 h5 0-1

[Event "EU-ch (Women) 2nd"]
[Site "Warsaw"]
[Date "2001.04.29"]
[Round "7"]
[White "Klinova, Masha"]
[Black "Kulish, Irina"]
[Result "1-0"]
[WhiteElo "2368"]
[BlackElo "2302"]
[PlyCount "77"]
[EventDate "2001.04.22"]
[EventType "swiss"]
[EventRounds "11"]
[EventCountry "POL"]
[SourceTitle "CBM 082 Extra"]
[Source "ChessBase"]
[SourceDate "2001.07.03"]
[SourceVersion "1"]
[SourceVersionDate "2001.07.03"]
[SourceQuality "1"]

1. e4 e5 2. Bc4 Nf6 3. d3 Nc6 4. Nf3 Be7 5. Nbd2 0-0 6. Bb3 d6 7. c3 Be6 8. 0-0 a6 9. Bc2 d5 10. h3 h6 11. Re1 dxe4 12. dxe4 Nh7 13. Qe2 Ng5 14. Ba4 b5 15. Bb3 Qd7 16. Nf1 Nxf3+ 17. Qxf3 Bxb3 18. axb3 Qe6 19. Ne3 Bd6 20. b4 a5 21. bxa5 Rxa5 22. Rxa5 Nxa5 23. Nf5 Rd8 24. Rd1 Kh7 25. Qg4 Qg6 26. Qe2 c6 27. Rd3 Qe6 28. Qg4 Qf6 29. Rf3 Bf8 30. Kh2 Qe6 31. Be3 Nb7 32. Qh4 Rd7 33. g4 Qg6 34. g5 Rd1 35. Qg4 hxg5 36. Rg3 Rd3 37. Qe2 Rd7 38. Rxg5 Qf6 39. Qh5+ 1-0

[Event "RUS-chT1 (Women)"]
[Site "Protvino"]
[Date "2001.??.??"]
[Round "1"]
[White "Gelashvili, Anna"]
[Black "Kulish, Irina"]
[Result "0-1"]
[WhiteElo "2097"]
[BlackElo "2273"]
[PlyCount "79"]
[EventDate "2001.02.??"]
[EventType "team"]
[EventRounds "9"]
[EventCountry "RUS"]
[SourceTitle "EXT 2002"]
[Source "ChessBase"]
[SourceDate "2001.11.25"]
[SourceVersion "1"]
[SourceVersionDate "2001.11.25"]
[SourceQuality "1"]

1. e4 e5 2. Nf3 Nc6 3. Bc4 Nf6 4. d3 Be7 5. c3 0-0 6. 0-0 d6 7. Re1 Na5 8. Bb5 a6 9. Ba4 b5 10. Bc2 c5 11. d4 Qc7 12. Nbd2 cxd4 13. cxd4 Bd7 14. Nf1 Rac8 15. Ne3 Rfe8 16. Bd2 Nc6 17. dxe5 dxe5 18. Rc1 Be6 19. Ng5 Nd4 20. Nxe6 fxe6 21. Bb1 Qb7 22. Ng4 Nd7 23. Rxc8 Rxc8 24. Bc3 Bc5 25. a3 Qb6 26. b4 Be7 27. Bb2 Rd8 28. Qd3 h5 29. Ne3 Nf6 30. Nc2 Nc6 31. Qb3 Rd6 32. Ba2 Qd8 33. Qh3 Qd7 34. Bb3 Kf7 35. Qg3 Rd3 36. Bxe6+ Kxe6 37. Qxg7 Rd1 38. f4 Rxe1+ 39. Nxe1 Qd2 40. f5+ 0-1

[Event "RUS-chT1 (Women)"]
[Site "Protvino"]
[Date "2001.??.??"]
[Round "3"]
[White "Idrisova, Roza"]
[Black "Kulish, Irina"]
[Result "0-1"]
[WhiteElo "2108"]
[BlackElo "2273"]
[PlyCount "72"]
[EventDate "2001.02.??"]
[EventType "team"]
[EventRounds "9"]
[EventCountry "RUS"]
[SourceTitle "EXT 2002"]
[Source "ChessBase"]
[SourceDate "2001.11.25"]
[SourceVersion "1"]
[SourceVersionDate "2001.11.25"]
[SourceQuality "1"]

1. d4 Nf6 2. c4 e6 3. Nc3 Bb4 4. e3 c5 5. a3 Bxc3+ 6. bxc3 Nc6 7. Nf3 0-0 8. Bd3 d6 9. 0-0 e5 10. Be2 Qe7 11. Re1 e4 12. Nd2 b6 13. f3 Re8 14. Nxe4 Nxe4 15. fxe4 Bb7 16. Bd3 Na5 17. d5 Ba6 18. Qe2 Qd7 19. a4 Re5 20. Bd2 Rae8 21. Rf1 Rxe4 22. Qf3 Nxc4 23. Bxe4 Nxd2 24. Bxh7+ Kxh7 25. Qxf7 Qe7 26. Qh5+ Kg8 27. Rf2 Ne4 28. Rf3 Be2 29. Raf1 Bxf1 30. Rxf1 Nf6 31. Qf5 Qxe3+ 32. Kh1 Qxc3 33. h3 Qe5 34. Qg6 Rf8 35. Rf5 Qe8 36. Qg3 Ne4 0-1

[Event "RUS-chT1 (Women)"]
[Site "Protvino"]
[Date "2001.??.??"]
[Round "7"]
[White "Khusnutdinova, Luiza"]
[Black "Kulish, Irina"]
[Result "1-0"]
[WhiteElo "2228"]
[BlackElo "2273"]
[PlyCount "123"]
[EventDate "2001.02.??"]
[EventType "team"]
[EventRounds "9"]
[EventCountry "RUS"]
[SourceTitle "EXT 2002"]
[Source "ChessBase"]
[SourceDate "2001.11.25"]
[SourceVersion "1"]
[SourceVersionDate "2001.11.25"]
[SourceQuality "1"]

1. d4 d5 2. Nf3 Bf5 3. c4 c6 4. Nc3 e6 5. Qb3 Qb6 6. c5 Qc7 7. g3 Nf6 8. Bg2 Nbd7 9. Bf4 Qc8 10. 0-0 Be7 11. Qd1 0-0 12. b4 Ne4 13. Qc1 Re8 14. Ne5 Nxc3 15. Qxc3 Nxe5 16. Bxe5 g5 17. f3 Bg6 18. g4 f6 19. Bg3 Bf8 20. e4 Bg7 21. Rae1 Qd7 22. Bd6 b5 23. e5 f5 24. f4 fxg4 25. fxg5 Bf5 26. a4 a6 27. Ra1 Qf7 28. Ra3 Ra7 29. Rfa1 Rea8 30. Qd2 Qb7 31. Bf1 Be4 32. Qa2 h5 33. axb5 cxb5 34. Qf2 Qc6 35. Qh4 Bg6 36. Ra5 Qd7 37. Rc1 Rc8 38. h3 gxh3 39. Bxh3 Qe8 40. Rf1 Bd3 41. Rf2 Qg6 42. Qf4 Rca8 43. Kh2 Kh7 44. c6 Rg8 45. c7 Raa8 46. Qf7 Qxg5 47. Be7 Qe3 48. Qxh5+ Bh6 49. Qh4 Bf5 50. Raa2 Qc1 51. Rf1 Qc4 52. Raf2 Rg6 53. Bxf5 exf5 54. Bd8 Rg4 55. Qh5 Qd3 56. Qxf5+ Qxf5 57. Rxf5 Rxd4 58. e6 Re4 59. e7 d4 60. Rf8 Rxe7 61. Bxe7 Bxf8 62. Rxf8 1-0

[Event "RUS-chT1 (Women)"]
[Site "Protvino"]
[Date "2001.??.??"]
[Round "6"]
[White "Kulish, Irina"]
[Black "Kuzmina, Olga"]
[Result "1/2-1/2"]
[WhiteElo "2273"]
[BlackElo "2136"]
[PlyCount "149"]
[EventDate "2001.02.??"]
[EventType "team"]
[EventRounds "9"]
[EventCountry "RUS"]
[SourceTitle "EXT 2002"]
[Source "ChessBase"]
[SourceDate "2001.11.25"]
[SourceVersion "1"]
[SourceVersionDate "2001.11.25"]
[SourceQuality "1"]

1. e4 e5 2. Nf3 Nc6 3. Bc4 Nf6 4. d3 d5 5. exd5 Nxd5 6. 0-0 Bc5 7. Re1 0-0 8. h3 Nb6 9. Bb3 h6 10. Nbd2 Re8 11. Ne4 Bf8 12. c3 Bf5 13. Bc2 Qd7 14. b4 a6 15. a4 Bh7 16. Bd2 f5 17. Ng3 Bd6 18. a5 Nc8 19. Ba4 b5 20. axb6 Nxb6 21. Bc2 Kh8 22. Qb1 Nd5 23. Ra2 Qc8 24. Ba4 Nde7 25. Qa1 Rf8 26. Bb3 Ng8 27. Bc4 e4 28. dxe4 Bxg3 29. fxg3 fxe4 30. Nh2 Ne5 31. Bxa6 Qe6 32. Ra5 Rad8 33. Bf4 Rd5 34. Rxd5 Qxd5 35. Qa5 Qxa5 36. bxa5 Nd3 37. Bxd3 exd3 38. Bxc7 Rc8 39. Be5 Rc5 40. Bd4 Rxa5 41. Nf3 Nf6 42. Rb1 Be4 43. Re1 Bh7 44. Rd1 Ne4 45. g4 Ng3 46. Kf2 Ne2 47. Ke3 Ra2 48. Rd2 Rc2 49. Ne1 Nxc3 50. Bxc3 Rxc3 51. Nxd3 Bxd3 52. Rxd3 Rc2 53. Kf3 Kh7 54. h4 Kg6 55. Rd6+ Kf7 56. h5 Rc4 57. Kg3 Ra4 58. Rg6 Rb4 59. g5 hxg5 60. Rxg5 Rb6 61. Kh4 Ra6 62. Rf5+ Kg8 63. Kg5 Rb6 64. g4 Ra6 65. Rb5 Rc6 66. Kf5 Rf6+ 67. Ke5 Rh6 68. Rd5 Ra6 69. g5 Kh7 70. Kf5 Rb6 71. Re5 Ra6 72. Re6 Ra5+ 73. Kf4 Ra4+ 74. Re4 Ra5 75. Kg4 1/2-1/2

[Event "RUS-chT1 (Women)"]
[Site "Protvino"]
[Date "2001.??.??"]
[Round "4"]
[White "Kulish, Irina"]
[Black "Timurova, Lilia"]
[Result "1-0"]
[WhiteElo "2273"]
[BlackElo "2192"]
[PlyCount "77"]
[EventDate "2001.02.??"]
[EventType "team"]
[EventRounds "9"]
[EventCountry "RUS"]
[SourceTitle "EXT 2002"]
[Source "ChessBase"]
[SourceDate "2001.11.25"]
[SourceVersion "1"]
[SourceVersionDate "2001.11.25"]
[SourceQuality "1"]

1. e4 c5 2. Nf3 d6 3. d4 cxd4 4. Nxd4 Nf6 5. Nc3 Nc6 6. Bc4 e6 7. Bb3 Be7 8. Be3 0-0 9. 0-0 Nxd4 10. Bxd4 b5 11. a3 a6 12. Qe2 Bb7 13. Rad1 Qc7 14. f3 Bc6 15. Kh1 Rad8 16. Qf2 Qb7 17. Rd2 a5 18. Ne2 b4 19. axb4 axb4 20. Rfd1 e5 21. Bb6 Rb8 22. Be3 Rfd8 23. Qg3 Nh5 24. Qh3 g6 25. Ng3 Nf6 26. Bg5 Nh5 27. Qh4 Nxg3+ 28. hxg3 Kf8 29. Bxe7+ Qxe7 30. Qxh7 Qc7 31. Rxd6 Rxd6 32. Rxd6 Be8 33. Rxg6 Qa5 34. Qh8+ Ke7 35. Qf6+ Kd7 36. Qd6+ Kc8 37. Rg8 Qb5 38. Bc4 Qa4 39. Ba6+ 1-0

[Event "RUS-ch (Women)"]
[Site "Elista"]
[Date "2000.05.18"]
[Round "8"]
[White "Kulish, Irina"]
[Black "Mirzoeva, Elmira"]
[Result "1-0"]
[WhiteElo "2282"]
[BlackElo "2258"]
[PlyCount "87"]
[EventDate "2000.05.11"]
[EventType "swiss"]
[EventRounds "9"]
[EventCountry "RUS"]
[SourceTitle "CBM 076 Extra"]
[Source "ChessBase"]
[SourceDate "2000.07.11"]
[SourceVersion "1"]
[SourceVersionDate "2000.07.11"]
[SourceQuality "1"]

1. e4 e5 2. Nf3 d6 3. d4 Nd7 4. Bc4 Be7 5. dxe5 Nxe5 6. Nxe5 dxe5 7. Qh5 g6 8. Qxe5 Nf6 9. Bh6 Qd6 10. Qc3 Qc6 11. Nd2 Rg8 12. Qb3 Be6 13. Bb5 Bxb3 14. Bxc6+ bxc6 15. axb3 g5 16. h4 gxh4 17. Rxh4 Rxg2 18. Kf1 Rg4 19. Rxg4 Nxg4 20. Bf4 Bc5 21. Bg3 0-0-0 22. Nc4 Kb8 23. Ke2 Re8 24. f3 Nf6 25. Ra5 Rg8 26. Rxc5 Rxg3 27. Rxc6 Ng8 28. Kf2 Rg7 29. Rc5 Nf6 30. Ne3 h5 31. Rf5 Rg6 32. e5 Nd7 33. Rxh5 Ra6 34. f4 f6 35. Rh6 Kb7 36. exf6 Nxf6 37. Kf3 Rc6 38. Nc4 Ra6 39. f5 Ne8 40. Rxa6 Kxa6 41. Kf4 Kb5 42. Ke5 a5 43. f6 Nxf6 44. Kxf6 1-0

[Event "RUS-ch (Women)"]
[Site "Elista"]
[Date "2000.05.16"]
[Round "6"]
[White "Kulish, Irina"]
[Black "Stjazhkina, Olga"]
[Result "1-0"]
[WhiteElo "2282"]
[BlackElo "2319"]
[PlyCount "71"]
[EventDate "2000.05.11"]
[EventType "swiss"]
[EventRounds "9"]
[EventCountry "RUS"]
[SourceTitle "CBM 076 Extra"]
[Source "ChessBase"]
[SourceDate "2000.07.11"]
[SourceVersion "1"]
[SourceVersionDate "2000.07.11"]
[SourceQuality "1"]

1. e4 e5 2. Nf3 Nc6 3. Bc4 Bc5 4. c3 Nf6 5. d3 a6 6. Bb3 Ba7 7. h3 0-0 8. Bg5 h6 9. Bh4 g5 10. Bg3 d6 11. Nbd2 Re8 12. Nf1 Ne7 13. Qd2 Kg7 14. 0-0-0 Ng6 15. h4 g4 16. h5 Nf8 17. Nh4 a5 18. f4 b5 19. fxe5 dxe5 20. Ne3 Bxe3 21. Qxe3 a4 22. Bc2 Qe7 23. Rdf1 b4 24. Nf5+ Bxf5 25. Rxf5 N8d7 26. Rhf1 bxc3 27. Bxe5 Nxe5 28. Rxf6 cxb2+ 29. Kb1 Rh8 30. d4 Nf3 31. e5 Ng5 32. e6 Qxf6 33. Rxf6 Kxf6 34. Qe5+ Ke7 35. Qxc7+ Kxe6 36. Bf5+ 1-0

[Event "RUS-ch (Women)"]
[Site "Elista"]
[Date "2000.05.14"]
[Round "4"]
[White "Kulish, Irina"]
[Black "Kosteniuk, Alexandra"]
[Result "0-1"]
[WhiteElo "2282"]
[BlackElo "2409"]
[PlyCount "84"]
[EventDate "2000.05.11"]
[EventType "swiss"]
[EventRounds "9"]
[EventCountry "RUS"]
[SourceTitle "CBM 076 Extra"]
[Source "ChessBase"]
[SourceDate "2000.07.11"]
[SourceVersion "1"]
[SourceVersionDate "2000.07.11"]
[SourceQuality "1"]

1. e4 c5 2. Nf3 Nc6 3. Bb5 g6 4. 0-0 Bg7 5. c3 Nf6 6. Re1 0-0 7. h3 e5 8. d4 cxd4 9. cxd4 exd4 10. Nxd4 Qb6 11. Nxc6 dxc6 12. Bd3 Be6 13. Nc3 Nd7 14. Qc2 Ne5 15. Be3 Qa5 16. Bf1 Nc4 17. Bxc4 Bxc4 18. Na4 Bd3 19. Qxd3 Qxa4 20. Re2 Rfe8 21. f3 f5 22. exf5 Rad8 23. Qb3+ Qxb3 24. axb3 gxf5 25. Kf2 Rd3 26. Bxa7 Rxe2+ 27. Kxe2 Rxb3 28. Rd1 Rxb2+ 29. Kf1 Be5 30. Rd7 b5 31. Re7 Bg3 32. Re8+ Kf7 33. Rh8 b4 34. Rxh7+ Ke6 35. Rh6+ Kd5 36. Rf6 f4 37. Rf8 b3 38. Rb8 Kc4 39. Rc8 Rb1+ 40. Ke2 Re1+ 41. Kd2 b2 42. Rxc6+ Kd5 0-1

[Event "RUS-ch49 (Women)"]
[Site "Moscow"]
[Date "1999.05.19"]
[Round "5"]
[White "Kosteniuk, Alexandra"]
[Black "Kulish, Irina"]
[Result "1/2-1/2"]
[WhiteElo "2329"]
[BlackElo "2280"]
[PlyCount "81"]
[EventDate "1999.05.??"]
[EventType "swiss"]
[EventRounds "9"]
[EventCountry "RUS"]
[SourceTitle "CBM 070 Extra"]
[Source "ChessBase"]
[SourceDate "1999.07.10"]
[SourceVersion "1"]
[SourceVersionDate "1999.07.10"]
[SourceQuality "1"]

1. e4 e6 2. Nf3 d5 3. Nc3 d4 4. Ne2 c5 5. d3 Nc6 6. g3 g6 7. Bg2 Bg7 8. 0-0 Nge7 9. Nd2 e5 10. f4 exf4 11. gxf4 0-0 12. f5 gxf5 13. Ng3 fxe4 14. Ndxe4 f5 15. Nxc5 Qd6 16. Nb3 Nd5 17. Qf3 Ne3 18. Bxe3 dxe3 19. Qxe3 Bxb2 20. Rab1 Be5 21. Bxc6 bxc6 22. d4 Bg7 23. Qf4 Qg6 24. Qh4 Ba6 25. Rf2 f4 26. Rxf4 Qxc2 27. Re1 Rxf4 28. Qxf4 Rf8 29. Qe3 Kh8 30. Nc5 Bc8 31. Re2 Qb1+ 32. Kg2 Qg6 33. Nd3 Qd6 34. Ne5 Qd5+ 35. Kg1 c5 36. dxc5 Bb7 37. c6 Bxc6 38. Nxc6 Qxc6 39. Qe4 Qc5+ 40. Kg2 a5 41. Rc2 1/2-1/2

[Event "RUS-ch49 (Women)"]
[Site "Moscow"]
[Date "1999.05.16"]
[Round "2"]
[White "Kulish, Irina"]
[Black "Stjazhkina, Olga"]
[Result "0-1"]
[WhiteElo "2280"]
[BlackElo "2340"]
[PlyCount "98"]
[EventDate "1999.05.??"]
[EventType "swiss"]
[EventRounds "9"]
[EventCountry "RUS"]
[SourceTitle "CBM 070 Extra"]
[Source "ChessBase"]
[SourceDate "1999.07.10"]
[SourceVersion "1"]
[SourceVersionDate "1999.07.10"]
[SourceQuality "1"]

1. e4 e5 2. Nf3 Nc6 3. Nc3 Nf6 4. Bb5 Bb4 5. 0-0 0-0 6. d3 d6 7. Bg5 Bxc3 8. bxc3 Qe7 9. Re1 Nd8 10. d4 Ne6 11. Bc1 c5 12. Bf1 Rd8 13. d5 Nf8 14. g3 Ng6 15. c4 h6 16. Bg2 Nh7 17. Nd2 Rf8 18. Nf1 f5 19. exf5 Bxf5 20. Ne3 Bd7 21. Qh5 Qf7 22. Rf1 Nf6 23. Qd1 Rae8 24. a4 e4 25. f4 exf3 26. Qxf3 Ne5 27. Qd1 Qg6 28. Ra3 Nfg4 29. Qe2 Nxe3 30. Rxf8+ Rxf8 31. Rxe3 Bg4 32. Qe1 Qxc2 33. Rc3 Qg6 34. Bf4 Nd3 35. Be4 Nxe1 36. Bxg6 Rf6 37. Kf2 Nf3 38. h3 Bxh3 39. Rxf3 Rxg6 40. Rb3 Rf6 41. Ke1 g5 42. Bd2 Rf1+ 43. Ke2 Rf7 44. Rb1 Kg7 45. a5 Kg6 46. Be3 Bf5 47. Rh1 Be4 48. Rc1 h5 49. Rg1 Rf3 0-1

[Event "Russia-chB (Women)"]
[Site "Kolontaevo"]
[Date "1998.??.??"]
[Round "?"]
[White "Konopelchenkova, Tatjana"]
[Black "Kulish, Irina"]
[Result "1/2-1/2"]
[WhiteElo "2165"]
[BlackElo "2265"]
[PlyCount "47"]
[EventDate "1998.??.??"]
[EventType "swiss"]
[EventRounds "9"]
[EventCountry "RUS"]
[SourceTitle "EXT 2000"]
[Source "ChessBase"]
[SourceDate "1999.11.16"]
[SourceVersion "1"]
[SourceVersionDate "1999.11.16"]
[SourceQuality "1"]

1. d4 Nf6 2. Nf3 e6 3. g3 b6 4. Bg2 Bb7 5. 0-0 Be7 6. c4 d5 7. Nbd2 0-0 8. b3 c5 9. Bb2 cxd4 10. cxd5 Bxd5 11. Nxd4 Bxg2 12. Kxg2 Qd5+ 13. N2f3 Nc6 14. Nxc6 Qxc6 15. Rc1 Qb7 16. Be5 Rfd8 17. Qc2 Rac8 18. Qb2 h6 19. Rxc8 Rxc8 20. Rc1 Rxc1 21. Qxc1 Ne4 22. Kg1 Bc5 23. Bd4 Bxd4 24. Nxd4 1/2-1/2

[Event "Russia-chB (Women)"]
[Site "Kolontaevo"]
[Date "1998.??.??"]
[Round "?"]
[White "Malina, Diana"]
[Black "Kulish, Irina"]
[Result "1/2-1/2"]
[WhiteElo "2025"]
[BlackElo "2265"]
[PlyCount "53"]
[EventDate "1998.??.??"]
[EventType "swiss"]
[EventRounds "9"]
[EventCountry "RUS"]
[SourceTitle "EXT 2000"]
[Source "ChessBase"]
[SourceDate "1999.11.16"]
[SourceVersion "1"]
[SourceVersionDate "1999.11.16"]
[SourceQuality "1"]

1. d4 Nf6 2. g3 e6 3. Bg2 d5 4. Nf3 Be7 5. 0-0 b6 6. c4 Bb7 7. Nbd2 0-0 8. b3 Nbd7 9. Bb2 c5 10. Rc1 Rc8 11. Re1 cxd4 12. Nxd4 Nc5 13. cxd5 Nxd5 14. Nc4 a6 15. Qd2 Nf6 16. Bxb7 Nxb7 17. Red1 Nc5 18. Ne5 Nce4 19. Qe3 Rxc1 20. Qxc1 Qa8 21. f3 Nc5 22. Ndc6 Re8 23. b4 Na4 24. Nxe7+ Rxe7 25. Nc6 Re8 26. Be5 Nd5 27. e4 1/2-1/2

[Event "RUS-ch (Women) sf"]
[Site "Kolontaevo"]
[Date "1997.??.??"]
[Round "?"]
[White "Kulish, Irina"]
[Black "Turova, Irina"]
[Result "1/2-1/2"]
[WhiteElo "2255"]
[BlackElo "2185"]
[PlyCount "68"]
[EventDate "1997.??.??"]
[EventType "swiss"]
[EventRounds "9"]
[EventCountry "RUS"]
[SourceTitle "EXT 1999"]
[Source "ChessBase"]
[SourceDate "1998.11.16"]
[SourceVersion "1"]
[SourceVersionDate "1998.11.16"]
[SourceQuality "1"]

1. e4 d6 2. d4 Nf6 3. Nc3 g6 4. Bg5 c6 5. Qd2 Bg7 6. f4 0-0 7. Nf3 b5 8. Bd3 Bg4 9. e5 Bxf3 10. gxf3 b4 11. Ne2 Nd5 12. f5 dxe5 13. h4 Nf4 14. Bxf4 exf4 15. fxg6 fxg6 16. Qxb4 Qd6 17. Qc4+ Kh8 18. Be4 a5 19. 0-0-0 Ra7 20. h5 g5 21. h6 Bf6 22. Qc3 Rf7 23. Qc4 Rf8 24. c3 Rc7 25. Qa4 Ra7 26. Kb1 Rc8 27. Qc2 e6 28. Nc1 a4 29. a3 Nd7 30. Na2 Nb6 31. Qe2 c5 32. dxc5 Qxc5 33. Rd3 Nc4 34. Nb4 Ne3 1/2-1/2